| 000 | 00590cam a2200217 4500 | ||
|---|---|---|---|
| 008 | 090401t1992 xxu||||| |||| 00| 0 eng d | ||
| 020 | _a0582092736 | ||
| 035 | _a(Sirsi) u27629 | ||
| 041 | _aeng | ||
| 050 | _a622.025 | ||
| 110 |
_aFinancial Times _91480 |
||
| 245 | _aFinancial Times mining international year book 1993. | ||
| 260 |
_aHarlow, Essex _bLongman _c1992 |
||
| 300 | _axxi,521p. ; 24cm. | ||
| 350 | _a125 | ||
| 520 | _aCover title: Mining 1993. | ||
| 650 | _aDIRECTORIES | ||
| 650 | _aBUILT ENVIRONMENT-BUILDING MATERIALS-METAL | ||
| 942 | _n0 | ||
| 948 | _c04/03/1997 | ||
| 999 |
_c89140 _d89140 |
||